|
|
|
|
| LEADER |
00000nas a2200000 a 4500 |
| 001 |
ssj0004418 |
| 003 |
WaSeSS |
| 005 |
20200512172242.0 |
| 006 |
m d |
| 007 |
cr n |
| 008 |
050614c19789999mautr pss go 0 a0eng |
| 010 |
|
|
|a 2009268065
|
| 016 |
7 |
|
|a 2067766-2
|2 DE-600
|
| 022 |
|
|
|a 2374-6572
|y 0193-4872
|
| 035 |
|
|
|a (WaSeSS)ssj0004418
|
| 037 |
|
|
|b Harvard Society for Law & Public Policy, Inc., 1585 Massachusetts Ave., Cambridge, MA 02138
|n JLPP@mail.law.harvard.edu
|
| 040 |
|
|
|a OCLCS
|b eng
|c OCLCS
|d NDO
|d DEBBG
|d OCLCQ
|d OCLCF
|d OCLCO
|d DLC
|d OCLCQ
|d OCLCO
|d OCLCA
|d YOR
|d UUM
|d WaSeSS
|
| 042 |
|
|
|a pcc
|a nsdp
|
| 043 |
|
|
|a n-us-ma
|a n-us---
|
| 050 |
|
4 |
|a K8
|
| 082 |
0 |
0 |
|a 340
|2 23
|
| 130 |
0 |
|
|a Harvard journal of law & public policy (Online)
|
| 222 |
|
0 |
|a Harvard journal of law & public policy
|b (Online)
|
| 245 |
1 |
0 |
|a Harvard journal of law & public policy
|h [electronic resource].
|
| 246 |
3 |
0 |
|a Harvard journal of law and public policy
|
| 246 |
1 |
3 |
|a Law and public policy
|
| 246 |
1 |
|
|a HJLPP
|
| 260 |
|
|
|a Cambridge, Mass. :
|b Harvard Society for Law and Public Policy, Inc.
|
| 310 |
|
|
|a Three no. a year,
|b <spring 1985->
|
| 321 |
|
|
|a Annual,
|b 1978-82
|
| 321 |
|
|
|a 2 no. a year,
|b <1982-1984>
|
| 362 |
1 |
|
|a Print began with v. 1 (1978).
|
| 500 |
|
|
|a Title varies slightly.
|
| 506 |
|
|
|a License restrictions may limit access.
|
| 588 |
|
|
|a Description based on: Vol. 1 (1978) (Hein Online, viewed May 21, 2009).
|
| 588 |
|
|
|a Latest issue consulted: Vol. 37, issue 3 (2013) (harvard-jlipp.com, viewed Sept. 8, 2014).
|
| 650 |
|
0 |
|a Law
|z Massachusetts
|v Periodicals.
|
| 650 |
|
0 |
|a Public policy (Law)
|z United States
|v Periodicals.
|
| 650 |
|
6 |
|a Droit
|z Massachusetts
|v Périodiques.
|
| 650 |
|
6 |
|a Ordre public
|z États-Unis
|v Périodiques.
|
| 650 |
|
7 |
|a Law.
|2 fast
|0 (OCoLC)fst00993678
|
| 650 |
|
7 |
|a Public policy (Law)
|2 fast
|0 (OCoLC)fst01082822
|
| 651 |
|
7 |
|a Massachusetts.
|2 fast
|0 (OCoLC)fst01204307
|
| 651 |
|
7 |
|a United States.
|2 fast
|0 (OCoLC)fst01204155
|
| 655 |
|
0 |
|a Electronic journals.
|
| 710 |
2 |
|
|a Harvard Society for Law and Public Policy.
|
| 776 |
0 |
8 |
|i Print version:
|t Harvard journal of law & public policy
|x 0193-4872
|w (DLC) 79643593
|w (OCoLC)4301245
|
| 856 |
4 |
0 |
|z Full text available from Research Library: 01/01/1994 to present
|u https://search.proquest.com/publication/36614
|